00000000nam 2200000zi 4500
0019.942157
003CaOODSP
00520251103145457
006m     o  d f      
007cr cn|||||||||
008240820s2024    onc     ob   f000 0 fre d
020 |a9780660732633
040 |aCaOODSP|bfre|erda|cCaOODSP
043 |an-cn---
0861 |aD96-121/2024F-PDF
24500|aObjectifs relatifs à l'état de préparation en matière de cybersécurité : |bboîte à outils des objectifs intersectoriels.
250 |aVersion 1.0
264 1|a[Ottawa] : |bCentre de la sécurité des télécommunications Canada, Centre canadien pour la cybersécurité = Communications Security Establishment Canada, Canadian Centre for Cyber Security, |c[2024]
300 |a1 ressource en ligne (24 pages)
336 |atexte|btxt|2rdacontent/fre
337 |ainformatique|bc|2rdamedia/fre
338 |aressource en ligne|bcr|2rdacarrier/fre
500 |aTitre de la couverture.
500 |aPublié aussi en anglais sous le titre : Cyber security readiness goals: cross-sector toolkit.
504 |aComprend des références bibliographiques.
520 |a« La Boîte à outils des objectifs intersectoriels est liée à la publication des Objectifs relatifs à l’état de préparation en matière de cybersécurité (OEPC) du Centre pour la cybersécurité. La Boîte à outils des objectifs intersectoriels comprend 36 OEPC pour appuyer les propriétaires et exploitants d’infrastructures essentielles (IE) du Canada Ĺ“uvrant dans n’importe quel secteur afin qu’ils priorisent des investissements en cybersécurité et renforcent leur posture de cybersécurité » -- Page 1.
650 6|aSécurité informatique|zCanada|xRessources Internet.
650 6|aSurveillance des menaces informatiques|zCanada.
7102 |aCentre de la sécurité des télécommunications (Canada), |eorganisme de publication.
7102 |aCentre canadien pour la cybersécurité, |eorganisme de publication.
77508|tCyber security readiness goals : |w(CaOODSP)9.942154
85640|qPDF|s469 Ko|uhttps://publications.gc.ca/collections/collection_2024/cstc-csec/D96-121-2024-fra.pdf
8564 |qHTML|sS.O.|uhttps://www.cyber.gc.ca/fr/etat-preparation-matiere-cybersecurite/boite-outils-objectifs-relatifs-letat-preparation-matiere-cybersecurite-intersectoriels